Петербургский метрополитен на схеме - Statistics

General Stats
  • This quiz has been taken 2 050 times
  • The average score is 46 of 72
Answers on the Map
Answers color-coded by a green-red scale on the quiz's map according to % correct below.
 
Answer Stats
Ветка Станция % Correct
Московско-Петроградская (синяя) Невский проспект
84%
Московско-Петроградская (синяя) Московская
81%
Невско-Василеостровская (зелёная) Зенит
80%
Невско-Василеостровская (зелёная) Василеостровская
80%
Невско-Василеостровская (зелёная) Беговая
79%
Кировско-Выборгская (красная) Технологический институт 1
79%
Московско-Петроградская (синяя) Технологический институт 2
79%
Московско-Петроградская (синяя) Парнас
77%
Московско-Петроградская (синяя) Сенная площадь
76%
Московско-Петроградская (синяя) Купчино
75%
Кировско-Выборгская (красная) Площадь Восстания
74%
Московско-Петроградская (синяя) Петроградская
73%
Кировско-Выборгская (красная) Девяткино
72%
Фрунзенско-Приморская (фиолетовая) Спортивная
72%
Невско-Василеостровская (зелёная) Площадь Александра Невского 1
72%
Лахтинско-Правобережная (оранжевая) Площадь Александра Невского 2
72%
Кировско-Выборгская (красная) Пушкинская
71%
Кировско-Выборгская (красная) Автово
71%
Кировско-Выборгская (красная) Проспект Ветеранов
71%
Московско-Петроградская (синяя) Чёрная речка
69%
Невско-Василеостровская (зелёная) Маяковская
69%
Лахтинско-Правобережная (оранжевая) Улица Дыбенко
69%
Фрунзенско-Приморская (фиолетовая) Шушары
69%
Кировско-Выборгская (красная) Площадь Ленина
68%
Невско-Василеостровская (зелёная) Приморская
68%
Фрунзенско-Приморская (фиолетовая) Адмиралтейская
68%
Кировско-Выборгская (красная) Лесная
67%
Невско-Василеостровская (зелёная) Гостиный двор
67%
Московско-Петроградская (синяя) Горьковская
66%
Лахтинско-Правобережная (оранжевая) Спасская
66%
Фрунзенско-Приморская (фиолетовая) Садовая
66%
Московско-Петроградская (синяя) Фрунзенская
65%
Московско-Петроградская (синяя) Московские ворота
65%
Невско-Василеостровская (зелёная) Рыбацкое
64%
Лахтинско-Правобережная (оранжевая) Достоевская
64%
Кировско-Выборгская (красная) Чернышевская
63%
Кировско-Выборгская (красная) Балтийская
63%
Московско-Петроградская (синяя) Удельная
63%
Московско-Петроградская (синяя) Электросила
63%
Московско-Петроградская (синяя) Звёздная
63%
Фрунзенско-Приморская (фиолетовая) Крестовский остров
63%
Кировско-Выборгская (красная) Выборгская
62%
Лахтинско-Правобережная (оранжевая) Ладожская
62%
Фрунзенско-Приморская (фиолетовая) Комендантский проспект
62%
Кировско-Выборгская (красная) Кировский завод
61%
Московско-Петроградская (синяя) Озерки
61%
Московско-Петроградская (синяя) Парк Победы
60%
Кировско-Выборгская (красная) Нарвская
59%
Фрунзенско-Приморская (фиолетовая) Старая деревня
59%
Фрунзенско-Приморская (фиолетовая) Звенигородская
59%
Кировско-Выборгская (красная) Владимирская
58%
Кировско-Выборгская (красная) Площадь Мужества
57%
Кировско-Выборгская (красная) Ленинский проспект
57%
Московско-Петроградская (синяя) Пионерская
57%
Кировско-Выборгская (красная) Академическая
56%
Московско-Петроградская (синяя) Проспект Просвещения
56%
Невско-Василеостровская (зелёная) Елизаровская
56%
Лахтинско-Правобережная (оранжевая) Лиговский проспект
56%
Кировско-Выборгская (красная) Политехническая
54%
Кировско-Выборгская (красная) Гражданский проспект
53%
Невско-Василеостровская (зелёная) Ломоносовская
52%
Невско-Василеостровская (зелёная) Обухово
52%
Лахтинско-Правобережная (оранжевая) Проспект Большевиков
52%
Фрунзенско-Приморская (фиолетовая) Обводный канал
52%
Фрунзенско-Приморская (фиолетовая) Чкаловская
51%
Лахтинско-Правобережная (оранжевая) Новочеркасская
50%
Фрунзенско-Приморская (фиолетовая) Бухарестская
50%
Фрунзенско-Приморская (фиолетовая) Международная
50%
Фрунзенско-Приморская (фиолетовая) Волковская
48%
Фрунзенско-Приморская (фиолетовая) Проспект Славы
47%
Невско-Василеостровская (зелёная) Пролетарская
45%
Фрунзенско-Приморская (фиолетовая) Дунайская
44%
No matching quizzes found
Score Distribution
Percent of People with Each Score
Percentile by Number Answered
Your Score History
You have not taken this quiz